000 00567nam a2200145 i 4500
001 92493
003 ES-MaACL
007 t|
008 050309s1928 gt ||||1| spa d
245 0 0 _aLímites entre Guatemala y Honduras
_b: comentarios de la prensa a la negativa de Honduras para aceptar el arbitraje del Tribunal Centroamericano.1928 /
_cPublicaciones de la Comisión de Límites.
260 _aGuatemala :
_b[s.n.],
_c1928 (
_fTip. Nacional)
300 _a3 v.
505 8 _aContiene: cuadernos 4,5,6,7,8,9,10,12,13,14,15,16,19,20,21
852 _aES-MaACL
_jP-585
999 _c92493
_d92493